00684 a2200169 45000010006000000050017000060080041000230030015000640400040000790800055001192450183001740200022003572640076003793000019004550410008004741000032004826308520260407155926.0260407a1984 arg spa dAR-UNSa-BCEJYS aAR-UNSa-BCEJYSbspacAR-UNSa-BCEJYS a35:004xAdministración Pública e Informática10aTécnicas de tratamiento de la información en la administración públicap(Desarrollo informático de un sistema contable en un organismo de la administración pública) a978-84-7351-174-2 1aMadrid :bInstituto Nacional de Administración Pública (INAP)c1984 a208 p.c19 cm. aspa1 aOrero Gimenez, Alejandro M.